| 000 | 00758nam a2200217 a 4500 | ||
|---|---|---|---|
| 001 | 14664 | ||
| 003 | CO-ViMGA | ||
| 008 | 141112s2004 ck r 000 u spa d | ||
| 020 | _a9586823180 | ||
| 040 |
_aCO-ViMGA _bspa _cCO-ViMGA |
||
| 082 | 0 | 4 | _a338.17373 P491 |
| 100 | 1 |
_aPizano, Diego _921378 |
|
| 245 | 1 | 0 |
_aEl Cafe en la encrucijada : _bevolucion y perspectivas |
| 260 |
_aBogotá, _cAlfaomega, _c2001 |
||
| 300 | _a80. p. | ||
| 490 | _aLibros de Cambio | ||
| 505 | _aFederacion Nacional de Cafeteros Evolucion del Fondo Nacional del Cafe Economía cafetera internacional : Brasil, Vietnam Sector Cafetero Colombiano | ||
| 650 | 1 | 4 |
_aCAFE - DESARROLLO ECONOMICO - COLOMBIA _921379 |
| 650 | 1 | 4 |
_aPolítica CAFETERA - COLOMBIA _921380 |
| 942 |
_2ddc _cBK |
||
| 999 |
_c25206 _d25206 |
||